000 00602cam a2200217 a 4500
020 _a0521564247
020 _a9780521564243
020 _a0521665744
020 _a9780521665742
040 _cDLC
082 0 0 _a363 BRO 1998 A016 Or.
100 1 _aBroadbent, Jeffrey
245 1 0 _aEnvironmental politics in Japan :
_bnetworks of power and protest /
300 _axviii, 418 pages :
_billustrations, maps ;
_c24 cm
650 0 _aEnvironmentalism
650 0 _aEnvironmental policy
650 0 _aHuman ecology
650 4 _aPol©Ưtica ambiental
650 4 _aEcolog©Ưa humana
942 _cEK
999 _c11694
_d11694